[Event "End"]
[Site "SchemingMind.com"]
[Date "2016.03.12"]
[Round "-"]
[White "fouche"]
[Black "emvarela"]
[Result "0-1"]
[WhiteCountry "COL"]
[BlackCountry "ARG"]
[WhiteElo "1586"]
[WhiteRD "62"]
[BlackElo "1652"]
[BlackRD "47"]
[GameID "396656"]

1. d4 Nf6 2. Nf3 e6 3. e3 d5 4. Bd3 c5 5. c3 c4 6. Bc2 Nc6 7. O-O Bd6 8. Nbd2 O-O 9. Re1 b5 10. e4 dxe4
11. Nxe4 Nxe4 12. a3 Nf6 13. Bg5 h6 14. Bh4 Qc7 15. Bxf6 gxf6 16. Re4 f5 17. Rh4 Bf4 18. Ne5 Bg5 19. Rh3 Nxe5 20. dxe5 Qxe5
21. Qe1 Qxe1+ 22. Rxe1 Rd8 23. Kf1 Rd2 24. Re2 Rxe2 25. Kxe2 Bb7 26. f3 Rd8 27. g4 Rd2+
0-1

[Event "End"]
[Site "SchemingMind.com"]
[Date "2016.03.10"]
[Round "-"]
[White "emvarela"]
[Black "fouche"]
[Result "0-1"]
[WhiteCountry "ARG"]
[BlackCountry "COL"]
[WhiteElo "1652"]
[WhiteRD "47"]
[BlackElo "1586"]
[BlackRD "62"]
[GameID "396657"]

1. e4 e6 2. d4 d5 3. exd5 exd5 4. Nf3 Nf6 5. Bd3 Be7 6. O-O O-O 7. Nc3 Bg4 8. h3 Bh5 9. Be3 Nbd7 10. Be2 Nb6
11. Ne5 Bxe2 12. Qxe2 Rc8 13. Rfd1 c5 14. dxc5 Bxc5 15. Bxc5 Rxc5 16. Nd3 Rc8 17. f3 Re8 18. Qf2 Nc4 19. b3 Nb6 20. Nb5 a6
21. Nd4 Nbd7 22. Re1 Qc7 23. Rxe8+ Rxe8 24. Re1 Rxe1+ 25. Qxe1 h6 26. Qd2 Ne5 27. Nxe5 Qxe5 28. c3 Kf8 29. Qe2 Nd7 30. Kf2 g6
31. Qxe5 Nxe5 32. Ke3 Ke7
0-1

[Event "End"]
[Site "SchemingMind.com"]
[Date "2016.03.20"]
[Round "-"]
[White "fouche"]
[Black "kenneth m day"]
[Result "1/2-1/2"]
[WhiteCountry "COL"]
[BlackCountry "USA"]
[WhiteElo "1572"]
[WhiteRD "74"]
[BlackElo "1736"]
[BlackRD "54"]
[GameID "397028"]

1. d4 d5 2. Nf3 Nf6 3. e3 Bf5 4. Bd3 Ne4 5. Nbd2 Nd7 6. O-O e6 7. Bxe4 dxe4 8. Ne5 Nf6 9. c4 Be7 10. a3 O-O
11. b4 Nd7 12. Nxd7 Qxd7 13. Re1 Bh4 14. Bb2 Rfe8 15. Nf1 Rad8 16. Qh5 Bf6 17. Qe2 c6 18. Red1 Qc8 19. Rd2 b6 20. Rad1 c5
21. bxc5 bxc5 22. dxc5 Rxd2 23. Rxd2 Bxb2 24. Rxb2 Qxc5 25. a4 e5 26. Rb5 Qc6 27. Qc2 Bd7 28. Nd2 Qa8 29. Rc5 f5 30. Rc7 Be6
31. h3 Rc8 32. Rxc8+ Qxc8 33. Nb3 Qxc4 34. Qxc4 Bxc4 35. Nc5 Bd5 36. Nd7 Bc6 37. Nxe5 Bxa4 38. Nc4 Bb3 39. Nd6 g6 40. Kf1 a5
41. Ke2 Kg7 42. Kd2 Kf6 43. Kc3 a4 44. Kb4 Ke6 45. Nb5 Kd5 46. Nc3+ Ke5 47. Nxa4 Bxa4 48. Kxa4 f4 49. Kb4 g5 50. Kc4 h5
51. exf4+ gxf4 52. Kc3 Kd5 53. Kd2 Kd4 54. g4 hxg4 55. hxg4 Ke5 56. Ke2 Kf6 57. f3 exf3+ 58. Kxf3 Kg5 59. Kf2 Kxg4 60. Kg2 f3+
61. Kf2 Kf4 62. Kf1 Ke3 63. Ke1=
1/2-1/2

[Event "End"]
[Site "SchemingMind.com"]
[Date "2016.03.19"]
[Round "-"]
[White "kenneth m day"]
[Black "fouche"]
[Result "1-0"]
[WhiteCountry "USA"]
[BlackCountry "COL"]
[WhiteElo "1716"]
[WhiteRD "52"]
[BlackElo "1586"]
[BlackRD "62"]
[GameID "397029"]

1. e4 e5 2. f4 exf4 3. Nf3 d5 4. exd5 Bd6 5. d4 Nf6 6. Nc3 O-O 7. Be2 Bg4 8. Qd3 Re8 9. O-O a6 10. h3 Bh5
11. Bd2 Nbd7 12. Rae1 Nb6 13. Qf5 Bg6 14. Qg5 h6 15. Qh4 Nfxd5 16. Nxd5 Nxd5 17. Qxd8 Raxd8 18. c3 Ne3 19. Bxe3 Rxe3 20. Nh4 Be4
21. Bf3 Bxf3 22. Nxf3 Rde8 23. Rxe3 Rxe3 24. Rf2 c5 25. Nh4 g6 26. Nf3 f6 27. Kh2 Kg7 28. Kg1 cxd4 29. Nxd4 f5 30. Nf3 b5
31. Rd2 h5 32. Rxd6
1-0

[Event "End"]
[Site "SchemingMind.com"]
[Date "2016.03.18"]
[Round "-"]
[White "emvarela"]
[Black "kenneth m day"]
[Result "0-1"]
[WhiteCountry "ARG"]
[BlackCountry "USA"]
[WhiteElo "1695"]
[WhiteRD "48"]
[BlackElo "1705"]
[BlackRD "53"]
[GameID "397030"]

1. e4 e5 2. Nf3 Nc6 3. Bb5 a6 4. Bxc6 dxc6 5. O-O Qd6 6. d3 Nf6 7. Nc3 Bg4 8. h3 Bd7 9. a3 Be7 10. Be3 O-O
11. d4 exd4 12. Qxd4 c5 13. Qxd6 cxd6 14. Nd5 Bd8 15. Bf4 Nxe4 16. Rfe1 f5 17. Bxd6 Nxd6 18. Rad1 Ne4 19. Ne7+ Bxe7 20. Rxd7 Bf6
21. Rxb7 Rfb8 22. Rxb8+ Rxb8 23. b3 g6 24. Rd1 Nc3 25. Rd6 Bd4 26. Nxd4 cxd4 27. Rxa6 Ne2+ 28. Kh2 Rc8 29. f3 Rxc2 30. Ra8+ Kg7
31. b4 Nf4 32. Kg3 Nxg2 33. a4 d3 34. Rd8 d2 35. b5 Ne3 36. a5 d1=Q 37. Rxd1 Nxd1
0-1

[Event "End"]
[Site "SchemingMind.com"]
[Date "2016.03.18"]
[Round "-"]
[White "kenneth m day"]
[Black "emvarela"]
[Result "1-0"]
[WhiteCountry "USA"]
[BlackCountry "ARG"]
[WhiteElo "1716"]
[WhiteRD "52"]
[BlackElo "1652"]
[BlackRD "47"]
[GameID "397031"]

1. e4 e5 2. f4 exf4 3. Nf3 Nf6 4. e5 Qe7 5. Be2 Nd5 6. Nc3 Nxc3 7. dxc3 Nc6 8. Bxf4 f6 9. O-O d6 10. exd6 cxd6
11. Qd2 Ne5 12. Rfe1 Bd7 13. Rad1 O-O-O 14. c4 Nxf3+ 15. Bxf3 Qf7 16. Bd5 Qg6 17. Qb4 Bc6 18. Bxc6 bxc6 19. c5 Qxc2 20. Rc1 Qf5
21. cxd6 Qd7 22. Qb5
1-0

[Event "End"]
[Site "SchemingMind.com"]
[Date "2016.03.26"]
[Round "-"]
[White "fouche"]
[Black "Scooter"]
[Result "0-1"]
[WhiteCountry "COL"]
[BlackCountry "USA"]
[WhiteElo "1605"]
[WhiteRD "62"]
[BlackElo "1731"]
[BlackRD "47"]
[GameID "397228"]

1. d4 Nf6 2. Nf3 g6 3. e3 Bg7 4. Bd3 O-O 5. Nbd2 b6 6. O-O Bb7 7. e4 d6 8. Re1 Nbd7 9. c4 c5 10. Rb1 cxd4
11. Nxd4 Ne5 12. N2f3 Nfd7 13. Nxe5 Bxe5 14. Nf3 Rc8 15. b3 Bg7 16. Bb2 Bxb2 17. Rxb2 Nc5 18. Rd2 Qd7 19. Bb1 Qg4 20. h3 Qd7
21. e5 Bxf3 22. Qxf3 Qc6 23. exd6 Qxf3 24. gxf3 exd6 25. Re7 Rfe8 26. Rde2 Rxe7 27. Rxe7 a5 28. f4 Kf8 29. Ra7 Re8 30. Bc2 Re1+
31. Kg2 Re2 32. Bb1 Rb2 33. Bxg6 hxg6 34. Ra8+ Ke7 35. Rb8 Rxa2 36. Rxb6 Rb2 37. Rb5 Nxb3 38. f5 a4 39. fxg6 fxg6 40. Rb4 a3
0-1

[Event "End"]
[Site "SchemingMind.com"]
[Date "2016.03.24"]
[Round "-"]
[White "Scooter"]
[Black "fouche"]
[Result "1-0"]
[WhiteCountry "USA"]
[BlackCountry "COL"]
[WhiteElo "1731"]
[WhiteRD "47"]
[BlackElo "1605"]
[BlackRD "62"]
[GameID "397229"]

1. d4 e6 2. Nf3 f5 3. Bg5 Nf6 4. e3 Be7 5. Be2 O-O 6. O-O c6 7. Nbd2 Na6 8. Bxa6 bxa6 9. c4 h6 10. Bxf6 Bxf6
11. Rb1 a5 12. c5 Ba6 13. Re1 d6 14. Qc2 Rb8 15. a3 Bc8 16. b4 axb4 17. axb4 a5 18. bxa5 Rxb1 19. Rxb1 Ba6 20. Rb6 Bb5
21. Nb1 dxc5 22. Qxc5 Qd5 23. Qxd5 exd5 24. Nc3 Bd8 25. Rb7 Bxa5 26. Nxb5 cxb5 27. Rxb5 Bc3 28. Rxd5 Bb2 29. Nh4 f4 30. Rf5 fxe3
31. Rxf8+ Kxf8 32. fxe3 Kf7 33. Kf2 Bc1 34. Kf3 Kf6 35. Ke4 Ke6 36. Nf5 Kf6 37. d5 Bd2 38. d6 Ba5 39. g4 Bd8 40. Kd5 h5
41. h3 hxg4 42. hxg4 g6 43. Nd4 Ba5 44. e4 Kg5 45. e5 Kxg4 46. e6
1-0

[Event "End"]
[Site "SchemingMind.com"]
[Date "2016.03.27"]
[Round "-"]
[White "emvarela"]
[Black "Scooter"]
[Result "0-1"]
[WhiteCountry "ARG"]
[BlackCountry "USA"]
[WhiteElo "1652"]
[WhiteRD "47"]
[BlackElo "1761"]
[BlackRD "49"]
[GameID "397230"]

1. e4 c6 2. f4 d5 3. d3 dxe4 4. dxe4 Nf6 5. Nc3 Qxd1+ 6. Kxd1 Bg4+ 7. Be2 Bxe2+ 8. Kxe2 e6 9. h3 Bb4 10. Bd2 Bxc3
11. bxc3 Nxe4 12. Be1 O-O 13. Nf3 Nd7 14. Ke3 Ndc5 15. g4 Rfd8 16. c4 Nf6 17. Bc3 Nce4 18. Bxf6 Nxf6 19. Rhd1 Kf8 20. Rd3 Ke7
21. Rad1 Rxd3+ 22. cxd3 Nd7 23. Ne5 Nxe5 24. fxe5 c5 25. d4 Rd8 26. d5 exd5 27. Rxd5 b6 28. Ke4 Rd7 29. a4 Ke6 30. Rxd7 Kxd7
31. Kd5 g5 32. a5 bxa5 33. Kxc5 a6
0-1

[Event "End"]
[Site "SchemingMind.com"]
[Date "2016.03.27"]
[Round "-"]
[White "Scooter"]
[Black "emvarela"]
[Result "1/2-1/2"]
[WhiteCountry "USA"]
[BlackCountry "ARG"]
[WhiteElo "1761"]
[WhiteRD "49"]
[BlackElo "1652"]
[BlackRD "47"]
[GameID "397231"]

1. d4 Nf6 2. Bf4 d6 3. e3 Bf5 4. Bd3 Bxd3 5. Qxd3 Nbd7 6. c4 e5 7. dxe5 Nxe5 8. Bxe5 dxe5 9. Qxd8+ Rxd8 10. a3 Bd6
11. Nf3 Ke7 12. O-O c6 13. Nc3 h6 14. b4 e4 15. Nd2 Be5 16. Ndb1 Rd3 17. Rc1 Rhd8 18. g3 Rd1+ 19. Rxd1 Rxd1+ 20. Nxd1 Bxa1
21. Nbc3 Bxc3 22. Nxc3 Ke6 23. h3 Ke5 24. Kg2 g5 25. g4 h5 26. Kg3 h4+ 27. Kg2 Nd7 28. Kf1 f5 29. gxf5 Kxf5 30. Kg2 Ne5
31. c5 Nc4 32. a4 b6 33. cxb6 axb6 34. b5 cxb5 35. axb5 Nd6 36. Nd5 Nxb5 37. Nxb6 g4 38. Nd5 Nd6 39. Kh2 Kg5 40. Kg2 Nc4
41. Nc3 Nd2 42. Nb5=
1/2-1/2

[Event "End"]
[Site "SchemingMind.com"]
[Date "2016.03.23"]
[Round "-"]
[White "Scooter"]
[Black "kenneth m day"]
[Result "0-1"]
[WhiteCountry "USA"]
[BlackCountry "USA"]
[WhiteElo "1731"]
[WhiteRD "47"]
[BlackElo "1699"]
[BlackRD "51"]
[GameID "397232"]

1. d4 d5 2. Nf3 Bg4 3. e3 Nf6 4. Be2 e6 5. O-O Bd6 6. Nbd2 O-O 7. h3 Bh5 8. a3 Nc6 9. c4 dxc4 10. Nxc4 Be7
11. Nce5 Nxe5 12. Nxe5 Bxe2 13. Qxe2 Qd5 14. b4 Nd7 15. Nxd7 Qxd7 16. Bb2 Qd5 17. Rac1 c6 18. Rfd1 Qf5 19. e4 Qg5 20. Qg4 h5
21. Qg3 Qxg3 22. fxg3 Rad8 23. e5 f6 24. exf6 Bxf6 25. Rc5 e5 26. d5 cxd5 27. Rcxd5 Rde8 28. Rd7 Rf7 29. R1d5 Ree7 30. Rxe7 Rxe7
31. Kf2 Kf7 32. Kf3 e4+
0-1

[Event "End"]
[Site "SchemingMind.com"]
[Date "2016.03.23"]
[Round "-"]
[White "kenneth m day"]
[Black "Scooter"]
[Result "0-1"]
[WhiteCountry "USA"]
[BlackCountry "USA"]
[WhiteElo "1716"]
[WhiteRD "52"]
[BlackElo "1761"]
[BlackRD "49"]
[GameID "397233"]

1. e4 c6 2. c4 d5 3. cxd5 cxd5 4. exd5 Qxd5 5. Nc3 Qd8 6. d4 Nf6 7. Bc4 e6 8. Bg5 Be7 9. Nf3 O-O 10. Rc1 a6
11. h4 Nbd7 12. Qd3 b5 13. Bb3 Bb7 14. Bc2 Bxf3 15. Qxf3 Bb4 16. Bd3 Qa5 17. a3 Bxc3+ 18. Rxc3 Nd5 19. Bd2 Nxc3 20. Bxc3 Qb6
21. Be4 Rac8 22. Qh5 Nf6 23. Qf3 Nxe4 24. Qxe4 a5 25. Rh3 b4 26. Bd2 Rfd8 27. Rd3 bxa3 28. bxa3 Rc4 29. Be3 Qb1+ 30. Ke2 Rc2+
31. Kf3 Qb5 32. Kg3 e5 33. d5 f6 34. d6 Rc4 35. Qf5 Qc6 36. Qe6+ Kh8 37. Qe7 Qd7 38. Qxd7 Rxd7 39. Bb6 Rc6 40. Bxa5 Rcxd6
41. Rb3 Rd3+ 42. Rxd3 Rxd3+ 43. Kh2 Rxa3 44. Bb4 Ra4
0-1

[Event "End"]
[Site "SchemingMind.com"]
[Date "2016.04.11"]
[Round "-"]
[White "fouche"]
[Black "Phillip Beckett"]
[Result "1-0"]
[WhiteCountry "COL"]
[BlackCountry "ENG"]
[WhiteElo "1608"]
[WhiteRD "65"]
[BlackElo "1549"]
[BlackRD "49"]
[GameID "397797"]

1. d4 d5 2. Nf3 Nf6 3. e3 Bg4 4. Bd3 e6 5. O-O c5 6. c3 Nc6 7. Nbd2 Bd6 8. Re1 O-O 9. h3 Bh5 10. a3 c4
11. Bb1 Ne4 12. Qc2 Nxd2 13. Qxh7#
1-0

[Event "End"]
[Site "SchemingMind.com"]
[Date "2016.04.11"]
[Round "-"]
[White "Phillip Beckett"]
[Black "fouche"]
[Result "0-1"]
[WhiteCountry "ENG"]
[BlackCountry "COL"]
[WhiteElo "1556"]
[WhiteRD "49"]
[BlackElo "1605"]
[BlackRD "62"]
[GameID "397798"]

1. d4 e6 2. e3 f5 3. Bd3 Nf6 4. Nd2 Be7 5. f4 O-O 6. Ngf3 c6 7. O-O d6 8. c3 Bd7 9. Qe2 b5 10. e4 fxe4
11. Nxe4 a6 12. Nxf6+ Bxf6 13. Be3 a5 14. Ng5 Bxg5 15. fxg5 Na6 16. Rxf8+ Qxf8 17. Rf1 Qe7 18. Qh5 g6 19. Bxg6 hxg6 20. Qxg6+ Qg7
21. Qh5 Be8 22. Qh4 Bg6 23. Rf6 Re8 24. Qg3 e5 25. dxe5 dxe5 26. Rxc6 Nc7 27. Bc5 Nd5 28. Ra6 Nf4 29. Kf2 Nd3+ 30. Kg1 Nxc5
31. Rxa5 Ne4 32. Qe3 Qc7 33. Rxb5 Qd7 34. Qb6 Kg7 35. Qa6 Qd1#
0-1

[Event "End"]
[Site "SchemingMind.com"]
[Date "2016.04.09"]
[Round "-"]
[White "emvarela"]
[Black "Phillip Beckett"]
[Result "1-0"]
[WhiteCountry "ARG"]
[BlackCountry "ENG"]
[WhiteElo "1693"]
[WhiteRD "50"]
[BlackElo "1549"]
[BlackRD "51"]
[GameID "397799"]

1. e4 e6 2. d4 d5 3. Nc3 dxe4 4. Nxe4 Nf6 5. Bg5 Be7 6. Bxf6 Bxf6 7. Nxf6+ Qxf6 8. Nf3 Nd7 9. c3 O-O 10. Bd3 c5
11. dxc5 Nxc5 12. Qc2 Nxd3+ 13. Qxd3 Rd8 14. Qe3 Bd7 15. Rd1 Bc6 16. O-O a6 17. Nd4 Be8 18. Rd2 e5 19. Nf3 Rxd2 20. Nxd2 Bc6
21. Ne4 Bxe4 22. Qxe4 Rb8 23. Re1 b5 24. Qxe5 Qxe5 25. Rxe5 Rd8 26. Kf1 Rd1+ 27. Re1 Rd8 28. f3 Kf8 29. Kf2 Rd2+ 30. Re2 Rd3
31. g4 g6 32. h4 Rd6 33. f4 Rf6 34. Kf3 Rc6 35. a3 f6 36. Re4 Kf7 37. g5 fxg5 38. hxg5 Rd6 39. Re2 Rd3+ 40. Ke4 Rd7
41. b3 Re7+ 42. Kf3 Rxe2 43. Kxe2 Ke6 44. Ke3 Kf5 45. c4 Ke6 46. c5 Kd5 47. b4 a5 48. Kd3 axb4 49. axb4
1-0

[Event "End"]
[Site "SchemingMind.com"]
[Date "2016.04.09"]
[Round "-"]
[White "Phillip Beckett"]
[Black "emvarela"]
[Result "1-0"]
[WhiteCountry "ENG"]
[BlackCountry "ARG"]
[WhiteElo "1572"]
[WhiteRD "52"]
[BlackElo "1695"]
[BlackRD "48"]
[GameID "397800"]

1. d4 Nf6 2. e3 d5 3. Bd3 Bg4 4. f3 Bd7 5. f4 Nc6 6. c3 e6 7. Nf3 Be7 8. Ne5 Nxe5 9. fxe5 Ne4 10. O-O c5
11. Qf3 O-O 12. Bxe4 dxe4 13. Qxe4 Bc6 14. Qf4 Qd5 15. Qg3 c4 16. Nd2 b5 17. Qf3 Qxf3 18. Nxf3 b4 19. Bd2 Bxf3 20. Rxf3 bxc3
21. Bxc3 f6 22. exf6 Bxf6 23. Raf1 Be7 24. Rxf8+ Rxf8 25. Rxf8+ Kxf8 26. Kf2 g6 27. b3 cxb3 28. axb3 Bd6 29. h3 Kf7 30. e4 Bc7
31. e5 g5 32. Kf3 Kg6 33. g4 h5 34. Bb4 Bd8 35. Ba3 hxg4+ 36. hxg4 Kf7 37. Ke4 Ke8 38. d5 exd5+ 39. Kxd5 Kd7 40. e6+ Ke8
41. e7
1-0

[Event "End"]
[Site "SchemingMind.com"]
[Date "2016.04.07"]
[Round "-"]
[White "Phillip Beckett"]
[Black "Scooter"]
[Result "1/2-1/2"]
[WhiteCountry "ENG"]
[BlackCountry "USA"]
[WhiteElo "1549"]
[WhiteRD "49"]
[BlackElo "1710"]
[BlackRD "48"]
[GameID "397801"]

1. d4 Nf6 2. e3 g6 3. Bd3 Bg7 4. Nd2 O-O 5. f4 d6 6. Ngf3 Bg4 7. O-O Nbd7 8. Qe1 c5 9. c3 Bxf3 10. Rxf3 cxd4
11. exd4 a6 12. Ne4 Nxe4 13. Qxe4 b5 14. f5 Nf6 15. Qe2 Rc8 16. fxg6 fxg6 17. Qe6+ Rf7 18. Bc2 Qc7 19. Bb3 Rf8 20. Qe2 d5
21. Bg5 Ng4 22. Rg3 Nf6 23. Bxf6 Rxf6 24. Bxd5+ Kh8 25. Rf3 b4 26. Raf1 Rxf3 27. Rxf3 Rxf3 28. Qxf3 bxc3 29. bxc3 Qa5 30. Qf7 Qd8
31. Kf2 Qf8 32. Qxf8+ Bxf8 33. Kf3 Kg7 34. Bb7 a5 35. Ke4 Kf6 36. c4 e6 37. d5 exd5+ 38. Bxd5 Bc5 39. Bg8 h6 40. Kd5 Bg1
41. c5 Bxh2 42. c6 g5 43. Be6 h5 44. Bc8 g4 45. Ke4 Bc7 46. Bd7 Kg5 47. Be8 h4 48. Ke3 h3 49. gxh3 gxh3 50. Bf7 Kf5
51. Bd5 Ke5 52. Bh1= Kf5 53. Kd3 Kf4 54. Ke2 Kg3 55. Kd3 Kh2 56. Bd5 Kg1 57. Kc4 h2 58. Kb5 h1=Q 59. Bxh1 Kxh1 60. a4 Kg2
61. Ka6 Kf3 62. Kb7 Bd6 63. c7 Bxc7 64. Kxc7 Ke4 65. Kb6 Kd5 66. Kxa5 Kc5=
1/2-1/2

[Event "End"]
[Site "SchemingMind.com"]
[Date "2016.04.07"]
[Round "-"]
[White "Scooter"]
[Black "Phillip Beckett"]
[Result "1-0"]
[WhiteCountry "USA"]
[BlackCountry "ENG"]
[WhiteElo "1710"]
[WhiteRD "48"]
[BlackElo "1549"]
[BlackRD "49"]
[GameID "397802"]

1. d4 d5 2. Nf3 Nf6 3. Bf4 e6 4. e3 c5 5. Bb5+ Bd7 6. Bxd7+ Nbxd7 7. c3 Be7 8. O-O O-O 9. Nbd2 Rc8 10. h3 cxd4
11. cxd4 Nb6 12. Rc1 Rxc1 13. Qxc1 Qc8 14. a3 Qxc1 15. Rxc1 Rc8 16. Rxc8+ Nxc8 17. b4 a6= 18. Nb3 Nd7 19. Nc5 Nxc5 20. dxc5 Bd8
21. Nd4 Na7 22. Kf1 f6 23. Nxe6 Be7 24. Nc7 Nb5 25. Nxd5 Bd8 26. a4 Na7 27. Bc7 Bxc7 28. Nxc7 Nc6 29. b5 axb5 30. axb5 Na7
31. b6 Nc6 32. Nb5 Nb4 33. Nd6 Kf8 34. Nxb7 Ke7 35. Ke2 Kd7 36. Kd2 Kc6 37. Kc3 Na6 38. Nd8+ Kb5 39. Ne6 g6 40. Kd4 Nb8
41. Kd5 Na6 42. Nc7+
1-0

[Event "End"]
[Site "SchemingMind.com"]
[Date "2016.04.07"]
[Round "-"]
[White "Phillip Beckett"]
[Black "kenneth m day"]
[Result "0-1"]
[WhiteCountry "ENG"]
[BlackCountry "USA"]
[WhiteElo "1549"]
[WhiteRD "52"]
[BlackElo "1716"]
[BlackRD "52"]
[GameID "397803"]

1. d4 d5 2. e3 Nf6 3. Bd3 Bg4 4. Nf3 Nc6 5. O-O Nb4 6. Be2 h5 7. c3 Nc6 8. Nbd2 Qd7 9. Ne5 Nxe5 10. dxe5 Bxe2
11. Qxe2 Ng4 12. e4 Nxe5 13. exd5 Qxd5 14. Ne4 O-O-O 15. Bf4 e6 16. Bxe5 Qxe5 17. Rad1 Be7 18. Ng3 Qf4 19. Rxd8+ Rxd8 20. Rd1 h4
21. Rxd8+ Bxd8 22. Nf1 Be7 23. g3 hxg3 24. fxg3 Bc5+ 25. Kg2 Qf5 26. Ne3 Qe4+ 27. Kf2 Bxe3+ 28. Qxe3 Qxe3+ 29. Kxe3 Kd7 30. Ke4 Kd6
31. h4 f5+ 32. Ke3 e5
0-1

[Event "End"]
[Site "SchemingMind.com"]
[Date "2016.04.08"]
[Round "-"]
[White "kenneth m day"]
[Black "Phillip Beckett"]
[Result "1-0"]
[WhiteCountry "USA"]
[BlackCountry "ENG"]
[WhiteElo "1705"]
[WhiteRD "53"]
[BlackElo "1572"]
[BlackRD "52"]
[GameID "397804"]

1. e4 e5 2. f4 Qh4+ 3. g3 Qe7 4. d3 exf4 5. Bxf4 d5 6. Qe2 dxe4 7. dxe4 Nf6 8. Nc3 Bg4 9. Nf3 c6 10. O-O-O Nbd7
11. h3 Bh5 12. g4 Bg6 13. e5 Ng8 14. Bg2 O-O-O 15. Rhe1 Qb4 16. Bd2 Bc5 17. a3 Qb6 18. Na4 Qc7 19. Nxc5 Nxc5 20. Bf4 Ne6
21. Bg3 Ne7 22. h4 Rxd1+ 23. Rxd1 Rd8 24. h5 Rxd1+ 25. Qxd1 Be4 26. Qe2 Bxf3 27. Bxf3 Nd5 28. c3 Qb6 29. Bf2 Qb3 30. Qd3 Qa2
31. Kc2 Nb6 32. Be3 Na4 33. Bc1 Nac5 34. Qxh7 Qb3+ 35. Kd2 Kc7 36. Qf5 Qc4 37. Qxf7+ Kb6 38. Qf5 Nb3+ 39. Kd1 Nxc1 40. Kxc1 Qf1+
41. Kc2 Qf2+ 42. Kb3 Nc5+ 43. Kc4 Qf1+ 44. Kd4 Qf2+ 45. Kc4 Qf1+ 46. Kd4 Qf2+ 47. Kc4= Na4 48. b3 Qf1+ 49. Kd4 Qf2+ 50. Kd3 Nb2+
51. Ke4 Qc2+ 52. Kf4 Nd3+ 53. Kg5 Qxc3 54. e6 Ne5 55. Be4 Qe3+ 56. Qf4 Qc5 57. Qf5 Qe7+ 58. Kf4
1-0

[Event "End"]
[Site "SchemingMind.com"]
[Date "2016.04.11"]
[Round "-"]
[White "fouche"]
[Black "Wojtek26"]
[Result "1-0"]
[WhiteCountry "COL"]
[BlackCountry "POL"]
[WhiteElo "1605"]
[WhiteRD "62"]
[BlackElo "1571"]
[BlackRD "49"]
[GameID "397812"]

1. e4 e5 2. f4 exf4 3. Bc4 d6 4. Nf3 Nf6 5. Nc3 Bg4 6. O-O Nc6 7. d4 Be7 8. Bxf4 O-O 9. a3 Na5 10. Bd3 c5
11. d5 b6 12. h3 Bh5 13. b3 Bg6 14. e5 dxe5 15. Nxe5 Bxd3 16. Qxd3 Nh5 17. Bh2 Bf6 18. Rae1 Bxe5 19. Bxe5 Re8 20. Qf3 Qg5
21. Qxf7+ Kh8 22. Qc7 Ng3 23. Bxg3 Rxe1 24. Bxe1 Qe3+ 25. Kh1 Re8 26. d6 Qe2 27. Nxe2
1-0

[Event "End"]
[Site "SchemingMind.com"]
[Date "2016.04.11"]
[Round "-"]
[White "Wojtek26"]
[Black "fouche"]
[Result "1-0"]
[WhiteCountry "POL"]
[BlackCountry "COL"]
[WhiteElo "1571"]
[WhiteRD "49"]
[BlackElo "1605"]
[BlackRD "62"]
[GameID "397813"]

1. e4 e6 2. Nf3 d5 3. exd5 Qxd5 4. Nc3 Qa5 5. Bc4 Nf6 6. O-O Be7 7. d3 O-O 8. Bd2 Bd7 9. Nd5 Qc5 10. Bb4 Nxd5
11. Bxc5 Bxc5 12. Ne5 Bc6 13. Nxc6 Nxc6 14. a3 a6 15. Bxd5 exd5 16. Qf3 Rad8 17. c3 Ne5 18. Qh3 Bd6 19. d4 Ng6 20. Rfe1 Rfe8
21. Rxe8+ Rxe8 22. Kf1 Nf4 23. Qd7 Re2 24. Qd8+ Bf8 25. Qxc7
1-0

[Event "End"]
[Site "SchemingMind.com"]
[Date "2016.04.09"]
[Round "-"]
[White "emvarela"]
[Black "Wojtek26"]
[Result "0-1"]
[WhiteCountry "ARG"]
[BlackCountry "POL"]
[WhiteElo "1652"]
[WhiteRD "47"]
[BlackElo "1603"]
[BlackRD "51"]
[GameID "397814"]

1. e4 e5 2. Nf3 Nc6 3. Bb5 d6 4. d4 Bd7 5. Nc3 exd4 6. Nxd4 Nxd4 7. Bxd7+ Qxd7 8. Qxd4 Nf6 9. f3 Be7 10. Be3 O-O
11. O-O-O a5 12. Nd5 Nxd5 13. exd5 Bf6 14. Qd3 a4 15. Bd4 Bxd4 16. Qxd4 a3 17. b3 Rfd8 18. Rhe1 Re8 19. Qb4 b6 20. Rxe8+ Rxe8
0-1

[Event "End"]
[Site "SchemingMind.com"]
[Date "2016.04.09"]
[Round "-"]
[White "Wojtek26"]
[Black "emvarela"]
[Result "1-0"]
[WhiteCountry "POL"]
[BlackCountry "ARG"]
[WhiteElo "1603"]
[WhiteRD "51"]
[BlackElo "1652"]
[BlackRD "47"]
[GameID "397815"]

1. d4 Nf6 2. c4 g6 3. Nf3 Bg7 4. e3 O-O 5. Be2 d6 6. O-O c5 7. Nc3 cxd4 8. Nxd4 Nc6 9. Nxc6 bxc6 10. Bd3 Bd7
11. Rb1 e6 12. Bd2 d5 13. cxd5 cxd5 14. b3 Ne8 15. Ne2 Qb6 16. Bc3 Nc7 17. Bxg7 Kxg7 18. Ng3 Bb5 19. Ne2 Qa6 20. Bxb5 Nxb5
21. Qd3
1-0

[Event "End"]
[Site "SchemingMind.com"]
[Date "2016.04.08"]
[Round "-"]
[White "Phillip Beckett"]
[Black "Wojtek26"]
[Result "0-1"]
[WhiteCountry "ENG"]
[BlackCountry "POL"]
[WhiteElo "1549"]
[WhiteRD "49"]
[BlackElo "1547"]
[BlackRD "48"]
[GameID "397816"]

1. e4 e5 2. Nf3 Nc6 3. Bb5 d6 4. d4 exd4 5. Nxd4 Bd7 6. Nxc6 Bxc6 7. Qd5 Qd7 8. Bxc6 Qxc6 9. Qxc6+ bxc6 10. O-O Nf6
11. f3 d5 12. exd5 Bc5+ 13. Kh1 cxd5 14. Re1+ Kd7 15. Bg5 Rae8 16. Nd2 Bf2 17. Rxe8 Rxe8 18. Rd1 Re1+ 19. Rxe1 Bxe1 20. Nb3 Ne8
21. Bd2 Bxd2 22. Nxd2 Nd6 23. b3 Nb5 24. a4 Nd4 25. c4 dxc4 26. bxc4 Kc6 27. Ne4 f5 28. Nc3 Kc5 29. Nd5 Kxc4 30. Nxc7 Kb4
31. Kg1 Kxa4 32. Kf2 a5 33. Ke3 Nb5 34. Nd5 Kb3 35. Kd2 a4 36. Ne3 a3 37. Nc2 a2 38. g4 Na3 39. Na1+ Kb2
0-1

[Event "End"]
[Site "SchemingMind.com"]
[Date "2016.04.08"]
[Round "-"]
[White "Wojtek26"]
[Black "Phillip Beckett"]
[Result "0-1"]
[WhiteCountry "POL"]
[BlackCountry "ENG"]
[WhiteElo "1547"]
[WhiteRD "48"]
[BlackElo "1549"]
[BlackRD "49"]
[GameID "397817"]

1. d4 d5 2. c4 e6 3. e3 Nf6 4. Nf3 Be7 5. Bd3 dxc4 6. Bxc4 Nbd7 7. O-O O-O 8. a3 c5 9. Qb3 cxd4 10. Nxd4 Nb6
11. Be2 Qd5 12. Qxd5 Nfxd5 13. b4 Bd7 14. Bb2 Na4 15. Bc1 Rac8 16. Bd2 Ndc3 17. Nxc3 Nxc3 18. Bxc3 Rxc3 19. Rfc1 Rfc8 20. Rxc3 Rxc3
21. Bf3 b6 22. g3 Ba4 23. Ne2 Rc2 24. Nd4 Rc8 25. Bb7 Rc7 26. Bf3 Bf6 27. g4 e5 28. Ne2 e4
0-1

[Event "End"]
[Site "SchemingMind.com"]
[Date "2016.04.08"]
[Round "-"]
[White "Scooter"]
[Black "Wojtek26"]
[Result "1-0"]
[WhiteCountry "USA"]
[BlackCountry "POL"]
[WhiteElo "1710"]
[WhiteRD "48"]
[BlackElo "1547"]
[BlackRD "48"]
[GameID "397818"]

1. d4 Nf6 2. Nf3 e6 3. Bg5 Be7 4. e3 h6 5. Bxf6 Bxf6 6. Be2 O-O 7. O-O d5 8. Nbd2 Nc6 9. c4 dxc4 10. Bxc4 Ne7
11. b4 b6 12. a4 Nd5 13. Bxd5 exd5 14. b5 Qd6 15. Qc2 Re8 16. Rfc1 Bd8 17. Ne5 Bf6 18. Ndf3 Bd8 19. Qc6 Qxc6 20. Nxc6 Bb7
21. Nxd8 Raxd8 22. Rxc7 Rb8 23. Ne5 Rec8 24. Rac1 Rxc7 25. Rxc7 Rc8 26. Rxc8+ Bxc8 27. Nc6 a5 28. Ne7+
1-0

[Event "End"]
[Site "SchemingMind.com"]
[Date "2016.04.08"]
[Round "-"]
[White "Wojtek26"]
[Black "Scooter"]
[Result "0-1"]
[WhiteCountry "POL"]
[BlackCountry "USA"]
[WhiteElo "1547"]
[WhiteRD "48"]
[BlackElo "1710"]
[BlackRD "48"]
[GameID "397819"]

1. d4 Nf6 2. Nf3 g6 3. e3 Bg7 4. Bc4 O-O 5. O-O d6 6. Bd2 Bg4 7. h3 Bxf3 8. Qxf3 c6 9. Nc3 d5 10. Bb3 Nbd7
11. Ne2 Ne4 12. Bb4 Re8 13. Nc3 Ndf6 14. Qe2 e5 15. Nxe4 Nxe4 16. f3 Ng3 17. Qf2 Nxf1 18. Rxf1 exd4 19. exd4 a5 20. Bc3 a4
21. Bxd5 Qxd5 22. a3 Rad8 23. b3 axb3 24. cxb3 Qxb3 25. Qe3 Rxe3
0-1